[Event "HUN-chT U18"]
[Site "Budapest"]
[Date "2021.10.26"]
[Round "5.18"]
[White "Kaufmann, Bertalan"]
[Black "Lazsadi, Kerka Lilla"]
[Result "0-1"]
[WhiteElo "1630"]
[BlackElo "1567"]
[PlyCount "160"]
[EventDate "2021.10.24"]
[EventType "team-tourn"]
[EventRounds "7"]
[EventCountry "HUN"]
[SourceTitle "CBM 205 Extra"]
[Source "ChessBase"]
[SourceDate "2022.01.31"]
[SourceVersion "1"]
[SourceVersionDate "2022.01.31"]
[SourceQuality "1"]

1. e4 e6 2. d4 d5 3. Nc3 Bb4 4. e5 Ne7 5. a3 Bxc3+ 6. bxc3 c5 7. Bb5+ Bd7 8. Rb1 cxd4 9. cxd4 Bxb5 10. Rxb5 Qd7 11. Qd3 Nbc6 12. Nf3 a6 13. Rb3 Na5 14. Rb1 Rc8 15. 0-0 h6 16. Nh4 g5 17. Nf3 Rc7 18. h3 Qa4 19. Bd2 Nec6 20. Bb4 Nxb4 21. axb4 Nc4 22. Nh2 Nb6 23. Rb3 Qc6 24. Rc1 Qc4 25. Qe3 Nd7 26. f4 Rg8 27. fxg5 hxg5 28. Rb2 Qc3 29. Rb3 Qxe3+ 30. Rxe3 Nb6 31. Rg3 Rc4 32. c3 Na4 33. Kf2 Ke7 34. Ng4 Rgc8 35. Ne3 Rxc3 36. Ra1 Nb2 37. Rb1 Nd3+ 38. Ke2 Nf4+ 39. Kf3 Rg8 40. h4 Nh5 41. Rg4 f5 42. exf6+ Kxf6 43. Ke2 Nf4+ 44. Kf3 Rg7 45. hxg5+ Rxg5 46. Rxf4+ Ke7 47. Ke2 Ra3 48. Rg4 Rxe3+ 49. Kxe3 Rxg4 50. Rb2 Kd6 51. Rf2 Rg3+ 52. Rf3 Rxg2 53. Rf7 Rg3+ 54. Kd2 Rg4 55. Kd3 Kc6 56. Re7 Re4 57. Kc3 b6 58. Re8 Kb5 59. Rb8 Rh4 60. Re8 Rh3+ 61. Kc2 Re3 62. Kd2 Re4 63. Kc3 a5 64. bxa5 bxa5 65. Re7 Kb6 66. Re8 Kb5 67. Re7 Ka4 68. Ra7 Rh4 69. Ra6 Rh3+ 70. Kc2 Kb4 71. Rxe6 a4 72. Rb6+ Kc4 73. Ra6 Rh2+ 74. Kb1 Rh1+ 75. Kb2 Kxd4 76. Rxa4+ Ke3 77. Kc2 Rh2+ 78. Kc3 Rh6 79. Kc2 d4 80. Ra8 d3+ 0-1

[Event "HUN-chT2 Szechenyi 1718"]
[Site "Hungary"]
[Date "2018.01.28"]
[Round "5.11"]
[White "Giczi, Alexandra Laura"]
[Black "Kaufmann, Bertalan"]
[Result "0-1"]
[WhiteElo "1529"]
[BlackElo "1529"]
[PlyCount "132"]
[EventDate "2017.10.29"]
[EventType "team-tourn"]
[EventRounds "9"]
[EventCountry "HUN"]
[SourceTitle "EXT 2021"]
[Source "ChessBase"]
[SourceDate "2020.10.23"]
[SourceVersion "1"]
[SourceVersionDate "2020.10.23"]
[SourceQuality "1"]
[WhiteTeam "Gyor Elektromos"]
[BlackTeam "Ajka ASSE"]
[WhiteTeamCountry "HUN"]
[BlackTeamCountry "HUN"]

1. e4 e5 2. Nf3 Nc6 3. d4 exd4 4. Nxd4 Bc5 5. Be3 Qf6 6. c3 Nge7 7. Be2 d5 8. exd5 Nxd5 9. Bf3 Nxe3 10. fxe3 Ne5 11. 0-0 Qg5 12. Qe2 0-0 13. Nd2 Re8 14. Ne4 Qe7 15. Nxc5 Qxc5 16. Rad1 Qc4 17. Qxc4 Nxc4 18. Bd5 Ne5 19. Bb3 Bg4 20. Rd2 Bh5 21. h3 Rad8 22. Rdf2 Bg6 23. Bc2 Nd3 24. Bxd3 Bxd3 25. Re1 Re7 26. Rd2 Ba6 27. b3 Rde8 28. Nf5 Re5 29. e4 g6 30. Ng3 f5 31. Rd7 c6 32. c4 fxe4 33. Rf1 R8e7 34. Rxe7 Rxe7 35. Re1 e3 36. Nf1 e2 37. Ng3 b5 38. Rxe2 Rxe2 39. Nxe2 bxc4 40. bxc4 Bxc4 41. Nc3 Kf7 42. Kf2 Ke6 43. g3 Kd6 44. Ke3 Kc5 45. a3 Be6 46. h4 Kc4 47. Kd2 Kb3 48. a4 a5 49. Ne4 Bf5 50. Ng5 h5 51. Nf3 c5 52. Ne5 Kxa4 53. Kc3 Kb5 54. Nc4 Ka6 55. Na3 Be6 56. Kd3 c4+ 57. Nxc4 Bxc4+ 58. Kxc4 a4 59. Kb4 Kb6 60. Kxa4 Kc5 61. Kb3 Kd4 62. Kc2 Ke3 63. Kd1 Kf3 64. Ke1 Kxg3 65. Kf1 Kxh4 66. Kg2 g5 0-1